១១សំណួរពីវ័យជំទង់ ការឆ្លងពីវ័យកុមារទៅពេញវ័យ / (Record no. 10152)

MARC details
000 -LEADER
fixed length control field 02109nam a22002657a 4500
001 - CONTROL NUMBER
control field 10152
003 - CONTROL NUMBER IDENTIFIER
control field FISKH
005 - DATE AND TIME OF LATEST TRANSACTION
control field 20260428105029.0
008 - FIXED-LENGTH DATA ELEMENTS--GENERAL INFORMATION
fixed length control field 260428b cb ||||| |||| 00| 0 eng d
020 ## - INTERNATIONAL STANDARD BOOK NUMBER
International Standard Book Number 9789924342021
040 ## - CATALOGING SOURCE
Original cataloging agency FISKH
Language of cataloging khr
Transcribing agency FISKH
Modifying agency FISKH
082 ## - DEWEY DECIMAL CLASSIFICATION NUMBER
Classification number 155.42
100 ## - MAIN ENTRY--PERSONAL NAME
Personal name Kekeno , Jacqueline
245 ## - TITLE STATEMENT
Title ១១សំណួរពីវ័យជំទង់ ការឆ្លងពីវ័យកុមារទៅពេញវ័យ /
Statement of responsibility, etc. និពន្ធដោយ ហ្សាក់គ្លីន គែកឺណូ
260 ## - PUBLICATION, DISTRIBUTION, ETC.
Place of publication, distribution, etc. Phnom Penh :
Name of publisher, distributor, etc. Sipar ,
Date of publication, distribution, etc. 2024 .
300 ## - PHYSICAL DESCRIPTION
Extent 50 pages :
Other physical details color illustrations ;
Dimensions 21 cm .
490 ## - SERIES STATEMENT
Series statement មគ្គុទេសក៏សម្រាប់យុវវ័យ
520 ## - SUMMARY, ETC.
Summary, etc. វ័យជំទង់ជាដំណាក់កាលផ្លាស់ប្តូរខ្លាំងបំផុតរបស់មនុស្សម្នាក់ៗគឺផ្លាស់ប្តូរផ្នែករាងកាយនិងចិត្តគំនិត ហើយក្នុងពេលនេះដែរក៏មានការយល់ច្រឡំច្រើន និងការចង់ស្គាល់បទពិសោធន៏ថ្មីៗជាច្រើននៅក្នុងជីវិត ។ សៀវភៅនេះជាមគ្គុទេសក៏មួយដែលចាំបាច់សម្រាប់ការយល់ដឹងអំពីការឆ្លងពីវ័យកុមារទៅពេញវ័យ ។
520 ## - SUMMARY, ETC.
Summary, etc. Adolescence is the stage of life with the most significant changes for each individual, involving both physical and psychological development. During this time, there are also many misunderstandings and a strong curiosity to explore new experiences in life. This book serves as an essential guide to understanding the transition from childhood to adulthood.
650 ## - SUBJECT ADDED ENTRY--TOPICAL TERM
Topical term or geographic name entry element យុវជន -- មគ្គុទេសក៍
650 ## - SUBJECT ADDED ENTRY--TOPICAL TERM
Topical term or geographic name entry element Young adults -- Guidance
700 ## - ADDED ENTRY--PERSONAL NAME
Personal name Rotha , Ouk
Relator term Illustrator
942 ## - ADDED ENTRY ELEMENTS (KOHA)
Source of classification or shelving scheme Dewey Decimal Classification
Koha item type Khmer Books
Suppress in OPAC No
Holdings
Withdrawn status Lost status Source of classification or shelving scheme Damaged status Not for loan Collection Home library Current library Shelving location Date acquired Total Checkouts Full call number Barcode Date last seen Copy number Price effective from Koha item type
    Dewey Decimal Classification     Khmer Language Books / សៀវភៅភាសាខ្មែរ Footprints International School Library Network Toul Tom Poung Campus Footprints International School Library Network Toul Tom Poung Campus TTP Secondary Khmer Bookshelves 04/28/2026   KEK 155.42 2026-0546 04/28/2026 1 04/28/2026 Khmer Books
    Dewey Decimal Classification     Khmer Language Books / សៀវភៅភាសាខ្មែរ Footprints International School Library Network Toul Tom Poung Campus Footprints International School Library Network Toul Tom Poung Campus TTP Secondary Khmer Bookshelves 04/28/2026   KEK 155.42 2026-0547 04/28/2026 2 04/28/2026 Khmer Books